00345nam a2200145Ia 4500008004100000020001500041041000800056082001600064100001100080245004000091250000600131260003800137300001200175650001200187210716s9999 xx 000 0 und d a8178811960 aeng a332.17 SEEK aICFAI. aSecurities markets and instruments. a1 aHyderabadbICFAI University Press avii,202 aFinance